Statistics for European Secessionist Movements on a Map

Click here to take the quiz!

General Stats

  • This quiz has been taken 12,510 times
    (12,362 since last reset)
  • The average score is 10 of 18

Answer Stats

Currently part of Secessionist movement % Correct
United KingdomScotland
97%
ItalySicily
92%
SpainCatalonia
92%
GermanyBavaria
77%
France, SpainBasque Country
74%
FranceBrittany
71%
FranceCorsica
69%
BelgiumFlanders
65%
DenmarkFaroe Islands
59%
SpainGalicia
44%
United KingdomCornwall
42%
ItalyPadania
36%
FinlandĂ…land Islands
32%
Finland, RussiaKarelia
28%
MoldovaTransnistria
25%
Czech RepublicMoravia
24%
Bosnia and HerzegovinaRepublika Srpska
20%
SerbiaVojvodina
17%

Score Distribution

Percentile by Number Answered

Percent of People with Each Score

Your Score History

You have not taken this quiz since the last reset